[Event "Karlsruhe Grenke op"]
[Site "Karlsruhe"]
[Date "2024.03.29"]
[Round "3"]
[White "Niermann, Tristan"]
[Black "Albert, Markus1"]
[Result "1-0"]
[WhiteElo "2422"]
[BlackElo "2264"]
[PlyCount "91"]
[EventDate "2024.03.28"]
[EventType "swiss"]
[EventRounds "9"]
[EventCountry "GER"]
[SourceTitle "CB14_2024"]
[SourceDate "2024.04.01"]
[SourceVersion "1"]
[SourceVersionDate "2024.04.01"]
[SourceQuality "1"]

1. Nf3 Nf6 2. g3 d6 3. d4 Nbd7 4. c4 e5 5. Nc3 g6 6. Bg2 Bg7 7. 0-0 0-0 8. e4 Re8 9. h3 exd4 10. Nxd4 Nc5 11. Re1 a5 12. Qc2 Nfd7 13. Be3 Ne5 14. b3 a4 15. Rad1 axb3 16. axb3 c6 17. f4 Ned7 18. b4 Ne6 19. Nb3 Qc7 20. c5 dxc5 21. bxc5 Ra3 22. Qb2 Ra6 23. Qc1 b6 24. cxb6 Nxb6 25. Bf2 h5 26. e5 h4 27. g4 g5 28. f5 Nf4 29. f6 Bh6 30. Nb5 Qb8 31. Nd6 Nxg2 32. Kxg2 Be6 33. Nc5 Ra2 34. Nxe6 Rxe6 35. Qb1 Qa7 36. Nf5 Nd5 37. Nxh6+ Kf8 38. Rf1 Nf4+ 39. Kh1 Rxf2 40. Rxf2 Qa3 41. Rd8+ Re8 42. Rxe8+ Kxe8 43. Qb8+ Kd7 44. Rd2+ Nd5 45. Qb7+ Kd8 46. Rxd5+ 1-0

[Event "Tata Steel Tienkamp"]
[Site "Wijk aan Zee"]
[Date "2024.01.28"]
[Round "9"]
[White "Niermann, Tristan"]
[Black "De Winter, Arthur"]
[Result "1/2-1/2"]
[WhiteElo "2413"]
[BlackElo "2409"]
[PlyCount "160"]
[EventDate "2024.01.19"]
[EventType "tourn"]
[EventRounds "9"]
[EventCountry "NED"]
[EventCategory "6"]
[SourceTitle "CB05_2024"]
[SourceDate "2024.01.31"]
[SourceVersion "1"]
[SourceVersionDate "2024.01.31"]
[SourceQuality "1"]

1. Nf3 Nf6 2. g3 g6 3. b3 Bg7 4. Bb2 0-0 5. Bg2 d6 6. d4 c5 7. c4 d5 8. 0-0 dxc4 9. bxc4 cxd4 10. Nxd4 Nc6 11. Nxc6 bxc6 12. Bxc6 Bh3 13. Qxd8 Raxd8 14. Rc1 Rc8 15. Bf3 Rfd8 16. Na3 Ng4 17. Bxg7 Kxg7 18. c5 Ne5 19. Bb7 Rc7 20. c6 Nxc6 21. Ba6 Rd2 22. f3 Bc8 23. Bd3 Bf5 24. Nc4 Rxd3 25. exd3 Nb4 26. Ne5 Rxc1+ 27. Rxc1 Nxa2 28. Rc7 Kf6 29. d4 a5 30. Nc6 Nc3 31. Nxe7 Nb5 32. Rc5 Nxd4 33. Nxf5 Nxf3+ 34. Kf2 Ne5 35. Rxa5 Kxf5 36. Ke3 Kf6 37. Ke4 Ng4 38. Ra6+ Kg7 39. Ra2 Nf6+ 40. Ke5 Nd7+ 41. Kd6 Nf6 42. Ra4 Kg8 43. Rd4 Kf8 44. h3 h5 45. Ke5 Kg7 46. Rd6 Nh7 47. Kf4 Nf6 48. Rd8 Kh7 49. Rd6 Kg7 50. Rd4 Kh7 51. Ke5 Kg7 52. Rf4 Nd7+ 53. Kd6 Nf6 54. Rf3 Ng8 55. Rf1 Nf6 56. Rf4 Ng8 57. Ke5 Nh6 58. Rf1 Nf5 59. Rf3 Nh6 60. Rf4 Ng8 61. g4 hxg4 62. hxg4 g5 63. Rb4 Nh6 64. Re4 f6+ 65. Ke6 Kg6 66. Ke7 Kg7 67. Ke6 Kg6 68. Kd6 Kg7 69. Kd7 Kg6 70. Ke8 Kg7 71. Ra4 Kg6 72. Kf8 Nxg4 73. Rxg4 f5 74. Ra4 f4 75. Ra6+ Kf5 76. Kg7 f3 77. Rf6+ Ke4 78. Kg6 Ke3 79. Kxg5 f2 80. Rxf2 Kxf2 1/2-1/2

[Event "Tata Steel Tienkamp"]
[Site "Wijk aan Zee"]
[Date "2024.01.27"]
[Round "8"]
[White "Pastar, Slaven"]
[Black "Niermann, Tristan"]
[Result "1/2-1/2"]
[WhiteElo "2343"]
[BlackElo "2413"]
[PlyCount "82"]
[EventDate "2024.01.19"]
[EventType "tourn"]
[EventRounds "9"]
[EventCountry "NED"]
[EventCategory "6"]
[SourceTitle "CB05_2024"]
[SourceDate "2024.01.31"]
[SourceVersion "1"]
[SourceVersionDate "2024.01.31"]
[SourceQuality "1"]

1. e4 c5 2. Nf3 Nc6 3. Bb5 e6 4. 0-0 Nge7 5. d4 cxd4 6. Nxd4 Qb6 7. Nxc6 bxc6 8. Be2 Ng6 9. c4 Be7 10. Nc3 c5 11. Rb1 0-0 12. Be3 Qc7 13. g3 d6 14. Qd2 Bb7 15. Rbd1 Rad8 16. Bg5 Bxg5 17. Qxg5 Ne5 18. Qe3 Nc6 19. Bf3 Qb6 20. Bg2 Rfe8 21. Rfe1 Nd4 22. Rd2 Qb4 23. b3 Bc6 24. Qd3 a5 25. Ne2 e5 26. Nxd4 exd4 27. Rde2 f6 28. f4 Re7 29. e5 Bxg2 30. exf6 Qxe1+ 31. Rxe1 Rxe1+ 32. Kxg2 g6 33. Qd2 Rde8 34. Qxa5 R1e6 35. Qb5 Kf7 36. Qb7+ Kxf6 37. g4 R8e7 38. Qd5 Re2+ 39. Kf1 Re1+ 40. Kf2 R1e2+ 41. Kf1 Re1+ 1/2-1/2

[Event "Tata Steel Tienkamp"]
[Site "Wijk aan Zee"]
[Date "2024.01.22"]
[Round "4"]
[White "Niermann, Tristan"]
[Black "Van Foreest, Machteld"]
[Result "1-0"]
[WhiteElo "2413"]
[BlackElo "2363"]
[PlyCount "63"]
[EventDate "2024.01.19"]
[EventType "tourn"]
[EventRounds "9"]
[EventCountry "NED"]
[EventCategory "6"]
[SourceTitle "CB05_2024"]
[SourceDate "2024.01.31"]
[SourceVersion "1"]
[SourceVersionDate "2024.01.31"]
[SourceQuality "1"]

1. c4 e6 2. Nf3 Nf6 3. Nc3 d5 4. e3 c6 5. b3 Bd6 6. Bb2 Nbd7 7. Qc2 0-0 8. d4 b6 9. Be2 Bb7 10. 0-0 Qe7 11. Rad1 Rac8 12. e4 Nxe4 13. Nxe4 dxe4 14. Qxe4 f5 15. Qe3 Nf6 16. Rfe1 Ng4 17. Qd2 c5 18. d5 e5 19. Ng5 Nf6 20. Bf1 e4 21. Ne6 Ng4 22. h3 e3 23. Rxe3 Nxe3 24. Qxe3 Rf7 25. Be2 Qh4 26. Nxg7 Qe4 27. Qxe4 fxe4 28. Ne6 Re8 29. Bg4 Bc8 30. Re1 Ree7 31. Rxe4 Bd7 32. g3 1-0

[Event "GER CupT"]
[Site "Germany"]
[Date "2023.03.11"]
[Round "3.1"]
[White "Niermann, Tristan"]
[Black "Nogly, Christoph"]
[Result "1/2-1/2"]
[WhiteElo "2314"]
[BlackElo "2234"]
[PlyCount "139"]
[EventDate "2023.01.28"]
[EventType "team-k.o."]
[EventRounds "4"]
[EventCountry "GER"]
[SourceTitle "EXT 2024"]
[Source "ChessBase"]
[SourceDate "2023.10.10"]
[SourceVersion "1"]
[SourceVersionDate "2023.10.10"]
[SourceQuality "1"]
[WhiteTeam "Lieme"]
[BlackTeam "Berlin SF"]
[WhiteTeamCountry "GER"]
[BlackTeamCountry "GER"]

1. d4 d5 2. c4 e6 3. Nf3 a6 4. g3 dxc4 5. Bg2 Nc6 6. 0-0 Rb8 7. e3 b5 8. b3 cxb3 9. axb3 Bb7 10. Qe2 Nf6 11. Bd2 Be7 12. Rc1 0-0 13. Ne1 Nb4 14. Bxb4 Bxb4 15. Bxb7 Rxb7 16. Rxa6 Bxe1 17. Qxe1 h5 18. Qc3 Qd5 19. Qc6 Qxc6 20. Rcxc6 Nd5 21. Rc5 g6 22. Nd2 Nb4 23. Ra5 c6 24. Nf3 f6 25. Nd2 Rd8 26. f4 Kf7 27. Ne4 Rdd7 28. Rc1 Ra7 29. Rca1 Rxa5 30. Rxa5 e5 31. Nc5 Re7 32. dxe5 fxe5 33. Kf2 exf4 34. exf4 g5 35. fxg5 Re5 36. Ra7+ Kg6 37. Nd7 Rf5+ 38. Ke3 Kxg5 39. Ra8 Rd5 40. h4+ Kf5 41. Rf8+ Ke6 42. Nb6 Rd3+ 43. Kf4 Rxb3 44. Rh8 Nd3+ 45. Kg5 Ne5 46. Rh6+ Ke7 47. Kf5 Nf7 48. Rxc6 Rf3+ 49. Ke4 Rxg3 50. Nd5+ Kf8 51. Nf4 Ke7 52. Rc7+ Ke8 53. Kf5 Rf3 54. Ke4 Rf1 55. Nxh5 Kd8 56. Ra7 Nd6+ 57. Kd5 Nc8 58. Rh7 Ne7+ 59. Kc5 Ke8 60. Kd6 Kf8 61. Ke6 Re1+ 62. Kf6 Rf1+ 63. Ke6 Re1+ 64. Kd6 Rf1 65. Rh8+ Kf7 66. Rb8 Rd1+ 67. Kc7 Rc1+ 68. Kd6 Rd1+ 69. Kc7 Rc1+ 70. Kd6 1/2-1/2

[Event "Noisiel op 8th"]
[Site "Noisiel"]
[Date "2023.02.20"]
[Round "4"]
[White "Karsten, Jan"]
[Black "Niermann, Tristan"]
[Result "1-0"]
[WhiteElo "2153"]
[BlackElo "2305"]
[PlyCount "75"]
[EventDate "2023.02.18"]
[EventType "swiss"]
[EventRounds "9"]
[EventCountry "FRA"]
[SourceTitle "CBM 212 Extra"]
[Source "ChessBase"]
[SourceDate "2023.03.31"]
[SourceVersion "1"]
[SourceVersionDate "2023.03.31"]
[SourceQuality "1"]

1. e4 c5 2. Nf3 d6 3. d4 cxd4 4. Nxd4 Nf6 5. Nc3 g6 6. Be3 Bg7 7. f3 0-0 8. Qd2 Nc6 9. 0-0-0 d5 10. exd5 Nxd5 11. Nxc6 bxc6 12. Bd4 e5 13. Bc5 Re8 14. Ne4 Qc7 15. h4 f5 16. Nd6 Rd8 17. Nxc8 Raxc8 18. Bc4 h5 19. Be3 Kh7 20. Bg5 e4 21. c3 e3 22. Qc2 Re8 23. g4 e2 24. Bxe2 Qe5 25. Bd3 Ne3 26. Bxe3 Qxe3+ 27. Kb1 Rb8 28. gxf5 Qe5 29. f6 Qxf6 30. Rhg1 Kh8 31. Rxg6 Qxf3 32. Rdg1 Re7 33. Qd2 Qe3 34. Qxe3 Rxe3 35. Rxg7 Rxd3 36. R7g5 Rb5 37. Rf5 Rbd5 38. Rxd5 1-0

[Event "Antwerp World Uni op"]
[Site "Antwerp"]
[Date "2022.09.17"]
[Round "9"]
[White "Karas, Marek"]
[Black "Niermann, Tristan"]
[Result "1/2-1/2"]
[WhiteElo "2233"]
[BlackElo "2289"]
[PlyCount "61"]
[EventDate "2022.09.12"]
[EventType "swiss"]
[EventRounds "9"]
[EventCountry "BEL"]
[SourceTitle "EXT 2023"]
[Source "ChessBase"]
[SourceDate "2022.10.05"]
[SourceVersion "1"]
[SourceVersionDate "2022.10.05"]
[SourceQuality "1"]

1. d4 Nf6 2. c4 g6 3. Nc3 d5 4. e3 Bg7 5. cxd5 Nxd5 6. Nxd5 Qxd5 7. Ne2 0-0 8. Nc3 Qa5 9. Be2 c6 10. 0-0 Rd8 11. Qc2 Bf5 12. Qb3 Qc7 13. Bc4 e5 14. dxe5 b5 15. Be2 Nd7 16. e4 Be6 17. Qc2 Qxe5 18. Be3 g5 19. Rad1 Nb6 20. Rxd8+ Rxd8 21. Rd1 Rxd1+ 22. Nxd1 Bxa2 23. Qxc6 Bb3 24. Bxb6 axb6 25. Ne3 Qxb2 26. Qe8+ Bf8 27. Qxb5 Bc5 28. Qe8+ Bf8 29. Qb5 Bc5 30. Qe8+ Bf8 31. Qb5 1/2-1/2

[Event "Geraardsbergen op 36th"]
[Site "Geraardsbergen"]
[Date "2021.08.11"]
[Round "8"]
[White "Van Dijck, Bjarne"]
[Black "Niermann, Tristan"]
[Result "0-1"]
[WhiteElo "2124"]
[BlackElo "2252"]
[PlyCount "84"]
[EventDate "2021.08.08"]
[EventType "swiss"]
[EventRounds "9"]
[EventCountry "BEL"]
[SourceTitle "CBM 203 Extra"]
[Source "ChessBase"]
[SourceDate "2021.09.30"]
[SourceVersion "1"]
[SourceVersionDate "2021.09.30"]
[SourceQuality "1"]

1. Nf3 Nf6 2. g3 g6 3. b3 Bg7 4. Bb2 0-0 5. Bg2 d6 6. d4 Nc6 7. 0-0 e5 8. dxe5 Ng4 9. Qc1 Ngxe5 10. Nxe5 Nxe5 11. c4 c6 12. Nc3 Qc7 13. Rd1 Be6 14. Qd2 Rad8 15. Rac1 Rfe8 16. h3 Qa5 17. Kh2 a6 18. f4 Nd7 19. Ne4 Qh5 20. Nxd6 Re7 21. e4 Nf6 22. e5 Ne4 23. Qc2 Nxd6 24. exd6 Ree8 25. Bxg7 Kxg7 26. Qc3+ f6 27. Rd2 c5 28. Re1 Bxh3 29. Re7+ Rxe7 30. dxe7 Bxg2+ 31. Kxg2 Re8 32. Qe3 Qf5 33. Rd5 Qc2+ 34. Kf3 Qb1 35. Qe6 Qf1+ 36. Kg4 f5+ 37. Rxf5 gxf5+ 38. Kg5 Qa1 39. Qh6+ Kg8 40. Qe6+ Kh8 41. Kxf5 Qg7 42. g4 Qxe7 0-1

[Event "Geraardsbergen op 36th"]
[Site "Geraardsbergen"]
[Date "2021.08.10"]
[Round "6"]
[White "Krijgelmans, Johan"]
[Black "Niermann, Tristan"]
[Result "0-1"]
[WhiteElo "2094"]
[BlackElo "2252"]
[PlyCount "70"]
[EventDate "2021.08.08"]
[EventType "swiss"]
[EventRounds "9"]
[EventCountry "BEL"]
[SourceTitle "CBM 203 Extra"]
[Source "ChessBase"]
[SourceDate "2021.09.30"]
[SourceVersion "1"]
[SourceVersionDate "2021.09.30"]
[SourceQuality "1"]

1. d4 Nf6 2. c4 e6 3. Nf3 c5 4. d5 exd5 5. cxd5 d6 6. Nc3 g6 7. Nd2 Nbd7 8. e4 a6 9. a4 Bg7 10. Be2 0-0 11. 0-0 Re8 12. Qc2 Nh5 13. Bxh5 gxh5 14. Nd1 Ne5 15. Ra3 f5 16. exf5 Rf8 17. Ne3 Ng4 18. Ndc4 Nh6 19. Qe2 Nxf5 20. Qxh5 Nd4 21. Ng4 Ne2+ 22. Kh1 Nxc1 23. Rxc1 Bxg4 24. Qxg4 Rxf2 25. Qe6+ Kh8 26. Nxd6 Qf8 27. Rg1 Rf1 28. Ra1 Rf6 29. Qd7 Qxd6 30. Qxb7 Rb8 31. Qa7 Rh6 32. h3 Rxb2 33. Ra3 Qxd5 34. Rd3 Bd4 35. Rf3 Qxf3 0-1

[Event "GER-chT Lands U20"]
[Site "Berlin"]
[Date "2020.10.03"]
[Round "6.1"]
[White "Lesny, Florian"]
[Black "Niermann, Tristan"]
[Result "1-0"]
[WhiteElo "2178"]
[BlackElo "2262"]
[PlyCount "51"]
[EventDate "2020.09.29"]
[EventType "team-swiss"]
[EventRounds "7"]
[EventCountry "GER"]
[SourceTitle "CBM 198 Extra"]
[Source "ChessBase"]
[SourceDate "2020.11.30"]
[SourceVersion "1"]
[SourceVersionDate "2020.11.30"]
[SourceQuality "1"]
[WhiteTeam "Hessen U20"]
[BlackTeam "Nordrhein Westfalen U20"]
[WhiteTeamCountry "GER"]
[BlackTeamCountry "GER"]

1. e4 e5 2. Nf3 Nc6 3. Bc4 Bc5 4. 0-0 Nf6 5. d3 a6 6. c3 Ba7 7. Re1 d6 8. Bb3 0-0 9. h3 Be6 10. Bc2 Qd7 11. Be3 Bxe3 12. Rxe3 d5 13. Ng5 dxe4 14. Nxe6 Qxe6 15. dxe4 Rad8 16. Qe2 Rd6 17. Nd2 Nh5 18. Qxh5 Rxd2 19. Bb3 Qg6 20. Qh4 Qd6 21. Rg3 g6 22. Qh6 Na5 23. Bd5 Rxb2 24. Rd1 Qb6 25. Bxf7+ Kxf7 26. Rf3+ 1-0

[Event "GER-chT Lands U20"]
[Site "Wuerzburg"]
[Date "2019.10.05"]
[Round "6.3"]
[White "Niermann, Tristan"]
[Black "Karsay, Pascal"]
[Result "1-0"]
[WhiteElo "2266"]
[BlackElo "2276"]
[PlyCount "83"]
[EventDate "2019.10.01"]
[EventType "team-swiss"]
[EventRounds "7"]
[EventCountry "GER"]
[SourceTitle "EXT 2020"]
[Source "ChessBase"]
[SourceDate "2019.10.17"]
[SourceVersion "1"]
[SourceVersionDate "2019.10.17"]
[SourceQuality "1"]
[WhiteTeam "Nordrhein Westfalen"]
[BlackTeam "Rheinland Pfalz"]
[WhiteTeamCountry "GER"]
[BlackTeamCountry "GER"]

1. d4 Nf6 2. c4 e6 3. g3 d5 4. Nf3 Bb4+ 5. Bd2 Be7 6. Bg2 0-0 7. 0-0 Nbd7 8. Qc2 c6 9. Bf4 a5 10. Rd1 b6 11. Ne5 Nxe5 12. dxe5 Nd7 13. cxd5 cxd5 14. e4 d4 15. Rxd4 g5 16. Bc1 Qe8 17. Nc3 Ba6 18. Rd1 Nxe5 19. Be3 Qc6 20. Bd4 Qc7 21. Rac1 Rac8 22. Nd5 Qb7 23. Nxe7+ Qxe7 24. Qb3 Nc4 25. Qf3 e5 26. Bc3 Rfd8 27. Qh5 Rxd1+ 28. Rxd1 b5 29. Bh3 Rc6 30. Bf5 h6 31. b3 b4 32. Ba1 Na3 33. Rd7 Rc1+ 34. Kg2 Bf1+ 35. Kf3 Qf6 36. Bxe5 Rc3+ 37. Kg4 Be2+ 38. f3 Bxf3+ 39. Kh3 Bxh5 40. Bxf6 Rc8 41. e5 Nc2 42. Rd2 1-0

[Event "GER-chT Lands U20"]
[Site "Wuerzburg"]
[Date "2019.10.04"]
[Round "5.2"]
[White "Schmidek, Emil"]
[Black "Niermann, Tristan"]
[Result "1-0"]
[WhiteElo "2387"]
[BlackElo "2266"]
[PlyCount "113"]
[EventDate "2019.10.01"]
[EventType "team-swiss"]
[EventRounds "7"]
[EventCountry "GER"]
[SourceTitle "EXT 2020"]
[Source "ChessBase"]
[SourceDate "2019.10.17"]
[SourceVersion "1"]
[SourceVersionDate "2019.10.17"]
[SourceQuality "1"]
[WhiteTeam "Berlin"]
[BlackTeam "Nordrhein Westfalen"]
[WhiteTeamCountry "GER"]
[BlackTeamCountry "GER"]

1. e4 e5 2. Nf3 Nc6 3. Bb5 a6 4. Ba4 Nf6 5. d3 d6 6. c3 g6 7. d4 exd4 8. cxd4 Bg7 9. 0-0 0-0 10. Bxc6 bxc6 11. Qc2 Re8 12. e5 Bf5 13. Qxc6 Be4 14. Qa4 Ng4 15. Ng5 Bxb1 16. Rxb1 dxe5 17. h3 Nf6 18. dxe5 Rxe5 19. Bf4 Rd5 20. Rbd1 Rb8 21. Be5 Qe8 22. Qxe8+ Rxe8 23. Rxd5 Nxd5 24. Bxg7 Kxg7 25. Rd1 c6 26. Kf1 Rb8 27. Rd2 Rb5 28. Nf3 Rc5 29. g3 Kf6 30. Ke2 a5 31. Nd4 Ke5 32. Nf3+ Kf6 33. Ne1 Nb4 34. a3 Nd5 35. Rc2 Rxc2+ 36. Nxc2 Ke5 37. Kd3 Nb6 38. Ne3 Na4 39. f4+ Kd6 40. Nc4+ Kd5 41. b4 axb4 42. axb4 f5 43. h4 h5 44. Ne5 Nb2+ 45. Ke2 c5 46. b5 c4 47. b6 Kd6 48. Kd2 c3+ 49. Kc2 Na4 50. b7 Kc7 51. Nxg6 Kxb7 52. Ne7 Kb6 53. Nxf5 Kb5 54. g4 hxg4 55. h5 Nc5 56. h6 g3 57. Nxg3 1-0

[Event "GER-chT Lands U20"]
[Site "Wuerzburg"]
[Date "2019.10.03"]
[Round "3.1"]
[White "Sieber, Fiona"]
[Black "Niermann, Tristan"]
[Result "1/2-1/2"]
[WhiteElo "2228"]
[BlackElo "2266"]
[PlyCount "40"]
[EventDate "2019.10.01"]
[EventType "team-swiss"]
[EventRounds "7"]
[EventCountry "GER"]
[SourceTitle "EXT 2020"]
[Source "ChessBase"]
[SourceDate "2019.10.17"]
[SourceVersion "1"]
[SourceVersionDate "2019.10.17"]
[SourceQuality "1"]
[WhiteTeam "Sachsen Anhalt"]
[BlackTeam "Nordrhein Westfalen"]
[WhiteTeamCountry "GER"]
[BlackTeamCountry "GER"]

1. e4 e5 2. Nf3 Nc6 3. Bb5 a6 4. Ba4 Nf6 5. Qe2 b5 6. Bb3 Bc5 7. 0-0 0-0 8. c3 d5 9. d3 h6 10. Nbd2 Re8 11. Re1 Be6 12. h3 Qd7 13. Nf1 Rad8 14. Ng3 Bb6 15. Nh4 Bxh3 16. exd5 Na5 17. gxh3 Qxh3 18. Nhf5 Ng4 19. Be3 Qh2+ 20. Kf1 Qh3+ 1/2-1/2

[Event "NRW Class1 1819"]
[Site "Germany"]
[Date "2019.04.14"]
[Round "8.1"]
[White "Niermann, Tristan"]
[Black "Stomberg, Thomas"]
[Result "1/2-1/2"]
[WhiteElo "2269"]
[BlackElo "2306"]
[PlyCount "46"]
[EventDate "2018.09.16"]
[EventType "team-tourn"]
[EventRounds "9"]
[EventCountry "GER"]
[SourceTitle "EXT 2022"]
[Source "ChessBase"]
[SourceDate "2021.10.06"]
[SourceVersion "1"]
[SourceVersionDate "2021.10.06"]
[SourceQuality "1"]
[WhiteTeam "Lieme"]
[BlackTeam "Krefelder Turm"]
[WhiteTeamCountry "GER"]
[BlackTeamCountry "GER"]

1. d4 d5 2. c4 e6 3. Nf3 Nf6 4. g3 Bb4+ 5. Bd2 Be7 6. Bg2 0-0 7. 0-0 c6 8. Qc2 b6 9. Bf4 Nbd7 10. Rd1 Ba6 11. Ne5 Rc8 12. cxd5 cxd5 13. Nc6 Bb5 14. Nxe7+ Qxe7 15. Nc3 a5 16. Rac1 Bc6 17. Qb1 Rfd8 18. f3 h6 19. Bh3 b5 20. Qd3 Ra8 21. Qd2 Nb6 22. b3 b4 23. Nb1 Rdc8 1/2-1/2

[Event "Youth District Germany"]
[Site "Wuerzburg"]
[Date "2018.10.06"]
[Round "6.1"]
[White "Nothnagel, Marian Can"]
[Black "Niermann, Tristan"]
[Result "1/2-1/2"]
[WhiteElo "2341"]
[BlackElo "2315"]
[PlyCount "87"]
[EventDate "2018.10.02"]
[EventType "team-swiss"]
[EventRounds "7"]
[EventCountry "GER"]
[SourceTitle "CBM 186 Extra"]
[Source "ChessBase"]
[SourceDate "2018.08.24"]
[SourceVersion "1"]
[SourceVersionDate "2018.08.24"]
[SourceQuality "1"]
[WhiteTeam "Hessen U20"]
[BlackTeam "Nordrhein Westfalen U20"]
[WhiteTeamCountry "GER"]
[BlackTeamCountry "GER"]

1. Nf3 Nf6 2. g3 d5 3. Bg2 c6 4. 0-0 Bg4 5. d3 Nbd7 6. h3 Bxf3 7. Bxf3 e5 8. Nd2 Bc5 9. e4 0-0 10. Qe2 Re8 11. Bg2 Qe7 12. Nf3 Rad8 13. Nh4 g6 14. Bd2 dxe4 15. dxe4 Nf8 16. Nf3 Ne6 17. c3 Qc7 18. Ng5 Qd6 19. Nxe6 Rxe6 20. Bg5 Qd3 21. Qf3 Qxf3 22. Bxf3 Rd3 23. Kg2 Kg7 24. Rad1 Red6 25. Rxd3 Rxd3 26. Re1 Rd7 27. Kf1 h6 28. Bc1 g5 29. Ke2 Bb6 30. a4 Rd8 31. Rh1 a5 32. Be3 Bxe3 33. Kxe3 Rd6 34. Be2 Nd7 35. Rb1 Nc5 36. Bd1 b5 37. axb5 cxb5 38. Be2 b4 39. cxb4 axb4 40. Rc1 Ne6 41. Bc4 Rc6 42. b3 Nd4 43. Rd1 Rf6 44. f4 1/2-1/2

[Event "Youth District Germany"]
[Site "Wuerzburg"]
[Date "2018.10.03"]
[Round "2.1"]
[White "Degenhard, Simon"]
[Black "Niermann, Tristan"]
[Result "1/2-1/2"]
[WhiteElo "2235"]
[BlackElo "2315"]
[PlyCount "45"]
[EventDate "2018.10.02"]
[EventType "team-swiss"]
[EventRounds "7"]
[EventCountry "GER"]
[SourceTitle "CBM 186 Extra"]
[Source "ChessBase"]
[SourceDate "2018.08.24"]
[SourceVersion "1"]
[SourceVersionDate "2018.08.24"]
[SourceQuality "1"]
[WhiteTeam "Wuerttemberg U20"]
[BlackTeam "Nordrhein Westfalen U20"]
[WhiteTeamCountry "GER"]
[BlackTeamCountry "GER"]

1. d4 d5 2. c4 c6 3. e3 Nf6 4. Nf3 Bf5 5. Nc3 e6 6. Qb3 Qb6 7. c5 Qc7 8. Nh4 Be4 9. Nxe4 Nxe4 10. Qc2 Nd7 11. Bd3 f5 12. Nf3 Be7 13. 0-0 0-0 14. Nd2 Rf6 15. Nxe4 fxe4 16. Be2 Raf8 17. f3 exf3 18. Rxf3 e5 19. Bd2 Rxf3 20. Bxf3 Bg5 21. e4 Bxd2 22. Qxd2 dxe4 23. Bxe4 1/2-1/2

[Event "Youth District Germany"]
[Site "Wuerzburg"]
[Date "2018.10.03"]
[Round "1.1"]
[White "Niermann, Tristan"]
[Black "Pfreundt, Jakob"]
[Result "1/2-1/2"]
[WhiteElo "2315"]
[BlackElo "2388"]
[PlyCount "85"]
[EventDate "2018.10.02"]
[EventType "team-swiss"]
[EventRounds "7"]
[EventCountry "GER"]
[SourceTitle "CBM 186 Extra"]
[Source "ChessBase"]
[SourceDate "2018.08.24"]
[SourceVersion "1"]
[SourceVersionDate "2018.08.24"]
[SourceQuality "1"]
[WhiteTeam "Nordrhein Westfalen U20"]
[BlackTeam "Hamburg U20"]
[WhiteTeamCountry "GER"]
[BlackTeamCountry "GER"]

1. d4 Nf6 2. c4 e6 3. g3 c5 4. d5 exd5 5. cxd5 d6 6. Nc3 g6 7. Nf3 Bg7 8. Bg2 0-0 9. 0-0 Re8 10. Bf4 Na6 11. a4 Nb4 12. Rc1 a6 13. Re1 Bg4 14. h3 Bxf3 15. Bxf3 Qe7 16. e4 Nd7 17. Be2 Ne5 18. b3 Rac8 19. Kg2 h5 20. Qd2 Nd7 21. Bc4 Bd4 22. Bg5 Qf8 23. f4 Qg7 24. g4 Nf6 25. Kf3 hxg4+ 26. hxg4 Nh7 27. Bh4 g5 28. fxg5 Re5 29. Ne2 Nxg5+ 30. Bxg5 Qxg5 31. Qxg5+ Rxg5 32. Nxd4 cxd4 33. Kf4 Re5 34. Rcd1 Rce8 35. Re2 d3 36. Bxd3 Nxd5+ 37. exd5 Rxe2 38. Bxe2 Rxe2 39. Rd3 Kg7 40. Rc3 Re5 41. Rc7 b5 42. Rc6 Rxd5 43. Rxa6 1/2-1/2

[Event "GER-ch U18"]
[Site "Willingen"]
[Date "2018.05.20"]
[Round "1"]
[White "Heldt, Nils Lennart"]
[Black "Niermann, Tristan"]
[Result "0-1"]
[WhiteElo "2070"]
[BlackElo "2327"]
[PlyCount "108"]
[EventDate "2018.05.19"]
[EventType "swiss"]
[EventRounds "9"]
[EventCountry "GER"]
[SourceTitle "CBM 184 Extra"]
[Source "ChessBase"]
[SourceDate "2018.06.28"]
[SourceVersion "1"]
[SourceVersionDate "2018.06.28"]
[SourceQuality "1"]

1. e4 e5 2. Nf3 Nc6 3. d4 exd4 4. Nxd4 Nxd4 5. Qxd4 Ne7 6. Be3 Nc6 7. Qd2 Bb4 8. c3 Be7 9. Be2 0-0 10. 0-0 d6 11. Na3 f5 12. exf5 Bxf5 13. Nc2 Qd7 14. Bb5 a6 15. Ba4 Qc8 16. Bb3+ Kh8 17. Nd4 Na5 18. Bd5 c6 19. Nxf5 Qxf5 20. Bb3 Nxb3 21. axb3 d5 22. b4 Rae8 23. Rae1 Kg8 24. Bc5 Bxc5 25. bxc5 h5 26. h3 Kh7 27. Re2 Rxe2 28. Qxe2 Qg6 29. Re1 Rf4 30. Qe8 Qxe8 31. Rxe8 Rc4 32. Rb8 Rxc5 33. Rxb7 Rb5 34. Ra7 a5 35. g3 Kg6 36. Ra6 Kf5 37. Rxc6 Ke4 38. c4 Rxb2 39. cxd5 Kxd5 40. Ra6 Rb5 41. Kg2 Kc4 42. Ra7 Kb3 43. Rxg7 a4 44. Ra7 a3 45. f4 a2 46. g4 Rb4 47. Rxa2 Kxa2 48. Kg3 hxg4 49. hxg4 Kb3 50. g5 Kc4 51. Kg4 Kd5 52. g6 Ke6 53. Kg5 Rb5+ 54. Kh6 Kf6 0-1

[Event "NRW Class1 1718"]
[Site "Germany"]
[Date "2018.04.29"]
[Round "9.1"]
[White "Stolte, Alexander"]
[Black "Niermann, Tristan"]
[Result "1/2-1/2"]
[WhiteElo "2173"]
[BlackElo "2178"]
[PlyCount "66"]
[EventDate "2017.09.17"]
[EventType "team-tourn"]
[EventRounds "9"]
[EventCountry "GER"]
[SourceTitle "EXT 2019"]
[Source "ChessBase"]
[SourceDate "2018.10.10"]
[SourceVersion "1"]
[SourceVersionDate "2018.10.10"]
[SourceQuality "1"]
[WhiteTeam "Sundern"]
[BlackTeam "Lieme"]
[WhiteTeamCountry "GER"]
[BlackTeamCountry "GER"]

1. c4 b6 2. Nf3 c5 3. g3 Bb7 4. Bg2 Nf6 5. b3 e6 6. Bb2 Be7 7. 0-0 0-0 8. Nc3 a6 9. Re1 Qc7 10. d4 cxd4 11. Qxd4 d6 12. e4 Nbd7 13. Rad1 Rfd8 14. Qd2 Rac8 15. Nd4 Qb8 16. Qe2 Bf8 17. f4 e5 18. Nc2 d5 19. cxd5 exf4 20. e5 fxg3 21. exf6 gxh2+ 22. Kh1 Nxf6 23. Nd4 Nxd5 24. Nxd5 Bxd5 25. Nf5 Be6 26. Be5 Qa7 27. Qh5 Rxd1 28. Rxd1 f6 29. Bxh2 Rc5 30. Rd8 Rc1+ 31. Rd1 Rc5 32. Rd8 Rc1+ 33. Rd1 Rc5 1/2-1/2